| 000 | 00672nam a2200229 u 4500 | ||
|---|---|---|---|
| 005 | 20240228064254.0 | ||
| 008 | 170120s2005 r 000 0 eng d | ||
| 020 | _a9505811675 | ||
| 035 | _aUPN01000215449 | ||
| 049 | _aI | ||
| 050 | 4 |
_aPZ7 _bV5.3 |
|
| 100 | 1 |
_aViola, Liliana _940101 |
|
| 245 | 1 | 0 |
_aEpaminondas / _c[adapt.] Liliana Viola ; il. Mima Castro. |
| 260 |
_aBuenos Aires : _bColihue, _c2005. |
||
| 300 |
_a[15] p. : _bil. col. |
||
| 440 | 0 | _aCuentos clásicos | |
| 650 | 7 |
_aLiteratura infantil estadounidense _2 _99173 |
|
| 650 | 4 |
_aCuentos infantiles _96744 |
|
| 650 | 4 |
_aLibros y lectura para niños _92290 |
|
| 905 | _aInfantil | ||
| 999 |
_c187549 _d187549 |
||